000 01200cam a22002531 4500
001 ne 67000125
003 DLC
005 20260227111828.0
008 811002s1966 le b 000 0 arar
010 _ane 67000125
035 _a(OCoLC)7809661
040 _aDLC
_cTU
_dTU
_dDLC
050 0 0 _aPJ6101
_b.A6 1966
100 0 _aAbū al-ʻAlāʼ al-Maʻarrī,
_d973-1057.
245 1 0 _aRisālat al-Malāʼikah
_cImlāʼ Abī al-ʻAlāʼ al-Maʼarrī Aḥmad ibn Abd Allāh ibn sulaymān al-Tanūkhī al-Maʻarrī. wa-Yalīhā Risālat al-hanāʼ, wa-rasāʼil Abī al-ʻAlā, maʻ dāʼī al-duʻāh wa-rasāʻil ʻUkhrā. taḥqīq Lijnah min al-ʻUlamāʼ.
260 _aBayrūt,
_bal-Maktab al-tijārī Lil-ṭabaʼah wa-al-tawzīʼ wa-al-Nashr.
_c[1966?]
300 _a20, 203 p.
_c24 cm.
490 0 _aDhakhāʼir al-turāth al-ʻArabī.
500 _aCover title: Risālat al malaʼika [by] A.A. al-Maʻarri.
500 _aA reprint of al-Jundī's edition of Risālat al-Malāʼikah (Damascus, 1944); the other works names on t.p. are not included in this publication.
504 _aBibliography: p. 302-303.
650 0 _aArabic language
_xGrammar.
700 1 _aJundī, Muḥammad Salīm.
999 _c49320
_d49320